| 000 | 00620ntaaa2200217 4500 | ||
|---|---|---|---|
| 003 | 01 | ||
| 005 | 20251027201524.0 | ||
| 008 | 0714s1973 ag 01 | ||
| 020 | _a0829719865 | ||
| 040 |
_aAR-BaBN _bspa _cAR-BaBN _eaacr _dRIC |
||
| 082 | _a922.8900 F49r | ||
| 100 |
_aRoberts, W. Dayton _911661 |
||
| 245 | _aEl hermano Pablo | ||
| 250 | _a1 ed. | ||
| 260 |
_aDeerfield : _bVida, _c1995 |
||
| 300 |
_a150, [156] p ; _cfotos; 21,5 cm |
||
| 500 | _aMomentos de la vida del Hermano Pablo, predicador y evangelista de radio y televisión | ||
| 650 | _aExperiencias | ||
| 700 |
_aFinkenbinder, Pablo _913787 |
||
| 942 | _cBK | ||
| 999 |
_c9772 _d9772 |
||